000 00633cam a2200265ua 4500
020 _c5.75
041 _amal
_h
082 _a631.372
_bKON/TR
100 _aKonrda, Joachim .
245 _aTractor /
_cJoachim Konrda.
_hTextual Documents
250 _a1 /
_b.
260 _aThiruvananthapuram :
_bState Instititute of Languages ,
_c1973.
300 _a241 ; .
365 _a5.75
504 _a
942 _cBK
999 _c6006
_d6006